01629nam a2200385 i 450000500170000000700030001700800410002002000180006104000350007904100130011408400110012710000390013824501300017726400380030730000400034533600270038533700330041233800280044549000350047350000700050852100530057854500820063158601140071365000510082765000550087865000440093365000400097765000370101765000360105465000270109070000510111770000450116894200150121399900150122820220317002012.0ta201105s2017 ck a cr 000 fdspa d a9789580003236 aCO-BoRNBPbspacCO-BoRNBPerda1 aspaheng aN PAT11 aPaterson, Katherined1932-eautora10aIgual que las estrellascKatherine Paterson ; traducción de María Candelaria Posada ; ilustraciones de Alejandro García 1aBogotábEducactivabNormac2017 a296 páginasbilustracionesc20 cm 2rdacontentatextobtxt 2rdamediaasin mediaciónbn 2rdacarrieravolumenbnc0 aTorre de papelpTorre Amarilla aAutora nacida en Qing Jiang, China y nacionalizada estadounidense aRecomendado para un público mayor de 12 años aIncluye datos biográficos de la autora e ilustrador en la contra carátula aAutora galardonada con el Premio Hans Christian Andersen,1998 y con el Premio Memorial Astrid Lindgren, 2006172LEMBaNovela juvenil estadounidense ySiglo XX172LEMBaLiteratura juvenil estadounidense ySiglo XX172LEMBaAutores estadounidensesySiglo XX172LEMBaRelaciones familiaresvNovela172LEMBaAbandono del hogarvNovela172LEMBaNiños y adultosvNovela172LEMBaVoluntadvNovela1 aPosada, María Candelaria etraductora9426701 aGarcía, Alejandroeilustrtador9164197 2loccBKLIT c8851d8851